| 000 | 00818nam a22002177a 4500 | ||
|---|---|---|---|
| 999 |
_c4038 _d4038 |
||
| 003 | AR-CdUCM | ||
| 008 | 190304b ||||| |||| 00| 0 spa d | ||
| 040 |
_aMUNICIPALIDAD PROVINCIAL DEL CUSCO _cBIBLIOTECA MUNICIPAL DEL CUSCO |
||
| 082 |
_a909 /t.2 _bH18 |
||
| 100 |
_aDannenbauer, Haller _97661 |
||
| 245 | _aLa Entrada de los Germanos en la Historia / | ||
| 260 |
_aMéxico : _bU.T.E.H.A., _c1964. |
||
| 300 |
_a167 páginas ; _c17.5 cm. |
||
| 440 |
_aHistoria de Alemania ; _n2 _912869 |
||
| 505 | _aContenido : La Epoca Eclesiastica -- Resistencia y Decadencia del Imperio -- Reino Aleman e Imperio Romano -- Prehistoria del Imperio Aleman... | ||
| 650 |
_aAlemania Antigua _97663 |
||
| 650 |
_aDecadencia del Imperio Romano _912870 |
||
| 650 |
_aHistoria Germana _912871 |
||
| 942 |
_2ddc _cLIBROS |
||
| 945 | _artm | ||